Environmental considerations for the industrial development sector

Spremljeno u:
Bibliografski detalji
Autor kompanije: The World Bank
Format: Knjiga
Jezik:Undetermined
Izdano: Washington Office of Environmental and Health Affairs 1978
Teme:
Oznake: Dodaj oznaku
Bez oznaka, Budi prvi tko označuje ovaj zapis!
Thư viện lưu trữ: Trung tâm Học liệu Trường Đại học Cần Thơ
LEADER 00542nam a2200169Ia 4500
001 CTU_78796
008 210402s9999 xx 000 0 und d
082 |a 628.4 
082 |b W927 
110 |a The World Bank 
245 0 |a Environmental considerations for the industrial development sector 
245 4 |c The World Bank 
260 |a Washington 
260 |b Office of Environmental and Health Affairs 
260 |c 1978 
650 |a Environmental control,Environmental management 
980 |a Trung tâm Học liệu Trường Đại học Cần Thơ